| 000 | 00936cam a22003133a 4500 | ||
|---|---|---|---|
| 001 | 2045 | ||
| 005 | 20250409112419.0 | ||
| 020 | _a9780439429277 | ||
| 020 | _a9780439429276 | ||
| 040 |
_aIEU _cIEU _dDLC _beng |
||
| 050 | 0 | 0 | _aPZ7.T3 |
| 082 | _a813.6 | ||
| 100 | 1 |
_aThaler, Mike _d1936- |
|
| 245 | 1 | 4 |
_aThe class trip from the black lagoon / _cby Mike Thaler illustrated by Jared Lee. |
| 260 |
_aNew York : _bScholastic, _c2002 |
||
| 300 |
_a64 pages : _c19 cm |
||
| 490 | 0 |
_aBlack lagoon adventures _v1 |
|
| 500 | _aIncludes one leaf of colored stickers. | ||
| 505 | _aN | ||
| 520 | _aA young boy's imagined school trip makes the real trip look mundane. | ||
| 521 | 0 |
_a660 _bLexile |
|
| 521 | 1 |
_aN _bRaz-Plus |
|
| 650 | 0 | _aFear | |
| 650 | 0 | _aSchools | |
| 650 | 0 |
_aSchool field trips _vJuvenile Fiction |
|
| 700 |
_aLee. Jared _cIllustrator |
||
| 906 |
_a7 _bcbc _ccopycat _d2 _encip _f20 _gy-genrareb |
||
| 942 |
_2ddc _cBK _n0 |
||
| 999 |
_c2045 _d2045 |
||